000 00562 a2200169 4500
999 _c2677
_d2677
020 _a9781919895567
050 _aJQ2720JAC2013
100 _aJager De Nicola
_eeditor
245 _afriend or foe :
_bdominant party systems in southern Africa: Insights from the developing world /
_cNicola De. Jager
264 _aTokyo
_bUnited Nations press
_c2013
300 _a218P.;
500 _aIncludes index.
650 _aPolitical parties
_xpolitics and governements
651 _asouthern Africa
700 _aPierre Du Toit.
_eeditor
942 _2lcc
_cBK
_h2720
_iJAC
_kJQ